Datum a čas kvízu
27.5
Celkem bodů
Celkový počet nahraných bodů na tomto kvízu bez doplňovacích otázek.
7.
Pořadí na kvízu
Konečné umístění týmu na tomto kvízu.
Zaznamenané odpovědi
| # | Otázka | Odpověď | Body | Výsledky |
|---|---|---|---|---|
| 1. | Česká vláda ve středu přijala... | anticikanismus | 0 | |
| 2. | Na českém internetu se objevil... | vrtulník | 0 | |
| 3. | Památkou roku České republiky... | poblíž Tachova | 0 | |
| 4. | Minulý týden oznámila italská... | Silvio Berlusconi | 0 | |
| 5. | MMA zápasník Jiří Procházka si... | Las Vegas, Aleksandar Rakić | 0 | |
| 6. | V pěti otázkách tohoto tématu... | fyziologický roztok | 0 | |
| 7. | Jaká je denní dávka kuchyňské... | B | 1 | |
| 8. | Tato sůl získala své růžové zb... | himálajská | 1 | |
| 9. | Jak zní obchodní název takzvan... | Praganda | 0 | |
| 10. | Chcete-li si užít blahodárného... | D) Bad Ischl | 1 |